Hanseatic League: Cities (Members and Kontore) - Statistics

General Stats
  • This quiz has been taken 76 times
  • The average score is 30 of 53
Answers on the Map
Answers color-coded by a green-red scale on the quiz's map according to % correct below.
 
Answer Stats
Group Answer % Correct
Wendish Hamburg
96%
Kontore London
96%
Baltic Riga
96%
Baltic Gdańsk
94%
Baltic Tallinn
94%
Baltic Stockholm
93%
Wendish Lübeck
89%
Kontore Bergen
87%
Saxon Bremen
87%
Westphalian Cologne
87%
Baltic Kaliningrad
87%
Saxon Berlin
85%
Kontore Bruges
85%
Kontore Malmö
85%
Wendish Rostock
85%
Baltic Kraków
83%
Kontore Antwerp
81%
Westphalian Dortmund
80%
Saxon Frankfurt an der Oder
72%
Westphalian Groningen
72%
Wendish Szczecin
72%
Kontore Kaunas
70%
Baltic Wrocław
69%
Saxon Magdeburg
65%
Westphalian Münster
65%
Baltic Visby
59%
Baltic Tartu
57%
Kontore Veliky Novgorod
56%
Saxon Braunschweig
50%
Kontore Ipswich
50%
Wendish Lüneburg
50%
Saxon Erfurt
48%
Westphalian Osnabrück
46%
Wendish Stralsund
46%
Wendish Wismar
46%
Wendish Greifswald
43%
Baltic Toruń
39%
Kontore Pskov
37%
Baltic Elbląg
31%
Saxon Stade
28%
Wendish Kołobrzeg
26%
Kontore King's Lynn
24%
Wendish Słupsk
22%
Wendish Anklam
20%
Westphalian Deventer
20%
Westphalian Kampen
20%
Kontore Polotsk
19%
Saxon Goslar
17%
Westphalian Soest
17%
Wendish Pasewalk
15%
Wendish Demmin
9%
Wendish Darłowo
7%
Kontore Falsterbo
6%
No matching quizzes found
Score Distribution
Percent of People with Each Score
Percentile by Number Answered
Your Score History
You have not taken this quiz